Mezinárodní ochrana spravedlnosti a lidskosti Dokumenty OSN

Salvato in:
Dettagli Bibliografici
Autore principale: Flegl, Vladimír
Natura: Libro
Lingua:ceco
Pubblicazione: Praha Spektrum 1990
Edizione:1. vyd.
Tags: Aggiungi Tag
Nessun Tag, puoi essere il primo ad aggiungerne!!

MARC

LEADER 00000nam a2200000 4500
001 c023721
005 20221215120210.1
041 0 |a cze 
044 |a CZ 
245 1 0 |a Mezinárodní ochrana spravedlnosti a lidskosti  |b Dokumenty OSN  |c Vladimír Flegl 
250 |a 1. vyd. 
264 1 |a Praha  |b Spektrum  |c 1990 
300 |a 46 s. 
100 1 |a Flegl, Vladimír